| 000 | 00686nam a2200229 a 4500 | ||
|---|---|---|---|
| 001 | BRCA_6245 | ||
| 005 | 20190320205401.0 | ||
| 008 | 200711s1931----mx-dd#####---#000-0#spa-# | ||
| 041 | _aspa | ||
| 044 | _amx | ||
| 050 | 4 |
_aHG664 _b.P47 1931 |
|
| 100 | 1 |
_aPérez Duarte, Costantino _915686 |
|
| 245 | 1 | 0 |
_aLa crisis mundial y la depreciación de la plata _cCostantino Pérez Duarte. |
| 260 |
_aMéxico _bEmpresa Editorial de Ingeniería y Arquitectura _c1931 |
||
| 300 |
_a24 p. _bgráficas _c22 cm. |
||
| 500 | _aEstado físico: Encuadernación desprendida | ||
| 500 | _aK105 | ||
| 650 | 1 | 4 |
_aCuestión Monetaria _915687 |
| 650 | 1 | 4 |
_aPlata _910572 |
| 902 | _aGFM | ||
| 942 |
_2lcc _cB |
||
| 999 |
_c5932 _d5932 |
||